[Event "Gibraltar Challengers-B 8th"]
[Site "Caleta"]
[Date "2010.02.02"]
[Round "3"]
[White "McBeth, Michael J"]
[Black "Martinez Rodriguez, Pablo"]
[Result "0-1"]
[WhiteElo "2011"]
[BlackElo "2234"]
[PlyCount "62"]
[EventDate "2010.01.31"]
[EventType "swiss"]
[EventRounds "5"]
[EventCountry "GGB"]
[SourceTitle "EXT 2011"]
[Source "ChessBase"]
[SourceDate "2010.11.26"]
[SourceVersion "1"]
[SourceVersionDate "2010.11.26"]
[SourceQuality "1"]

1. e4 c6 2. d4 d5 3. exd5 cxd5 4. c4 Nf6 5. Nc3 e6 6. Nf3 Be7 7. cxd5 Nxd5 8. Bd3 0-0 9. 0-0 Nc6 10. Re1 Ncb4 11. Bb1 Nxc3 12. bxc3 Nd5 13. Qd3 Nf6 14. Ne5 Bd7 15. Bc2 Rc8 16. Bg5 g6 17. Bh6 Re8 18. Bb3 Qc7 19. Rac1 Bf8 20. Bg5 Bg7 21. c4 Bc6 22. d5 exd5 23. Bxf6 Bxf6 24. Ng4 Bg5 25. cxd5 Bxc1 26. Nf6+ Kf8 27. Rxc1 Qf4 28. Qc3 Bb5 29. Qxc8 Rxc8 30. Rxc8+ Kg7 31. Ne8+ Bxe8 0-1

[Event "SCO-ch 115th"]
[Site "Glasgow"]
[Date "2008.06.07"]
[Round "3"]
[White "Marks, Ian Alexander"]
[Black "McBeth, Michael J"]
[Result "1/2-1/2"]
[WhiteElo "1899"]
[BlackElo "2029"]
[PlyCount "66"]
[EventDate "2008.06.05"]
[EventType "swiss"]
[EventRounds "9"]
[EventCountry "SCO"]
[SourceTitle "EXT 2009"]
[Source "ChessBase"]
[SourceDate "2008.11.26"]
[SourceVersion "1"]
[SourceVersionDate "2008.11.26"]
[SourceQuality "1"]

1. d4 d5 2. Nf3 Nf6 3. e3 e6 4. Bd3 Bd6 5. b3 0-0 6. Bb2 c5 7. Nbd2 Nc6 8. a3 Qc7 9. dxc5 Bxc5 10. Bxf6 gxf6 11. c4 Ne5 12. Nxe5 Qxe5 13. 0-0 b6 14. Nf3 Qh5 15. cxd5 Qxd5 16. Qc2 Bb7 17. Bxh7+ Kg7 18. Rfd1 Qh5 19. Be4 Bxe4 20. Qxe4 Rad8 21. b4 Bd6 22. Rd4 f5 23. Qh4 Qg6 24. Qg5 Qxg5 25. Nxg5 Be5 26. Rxd8 Rxd8 27. Rb1 Rd3 28. Nf3 Bf6 29. a4 Ra3 30. a5 bxa5 31. bxa5 Rxa5 32. Kf1 Ra2 33. Nd4 a5 1/2-1/2

[Event "SCO-ch 115th"]
[Site "Glasgow"]
[Date "2008.06.06"]
[Round "2"]
[White "McBeth, Michael J"]
[Black "Brunello, Marina"]
[Result "0-1"]
[WhiteElo "2029"]
[BlackElo "2035"]
[PlyCount "78"]
[EventDate "2008.06.05"]
[EventType "swiss"]
[EventRounds "9"]
[EventCountry "SCO"]
[SourceTitle "EXT 2009"]
[Source "ChessBase"]
[SourceDate "2008.11.26"]
[SourceVersion "1"]
[SourceVersionDate "2008.11.26"]
[SourceQuality "1"]

1. e4 c5 2. Nf3 d6 3. d4 cxd4 4. Nxd4 Nf6 5. Nc3 a6 6. f4 e6 7. Be2 Be7 8. 0-0 Nc6 9. Be3 Qc7 10. Qe1 b5 11. Nxc6 Qxc6 12. e5 dxe5 13. fxe5 Nd5 14. Nxd5 exd5 15. Qf2 Be6 16. Bd3 0-0 17. Rae1 Rad8 18. Bd4 Rc8 19. Kh1 Qd7 20. Qe2 Bg4 21. Qe3 Be6 22. Rf6 Rfe8 23. Qg3 Bxf6 24. exf6 g6 25. Qf4 Bh3 26. Rf1 Qg4 27. gxh3 Qxh3 28. Rf3 Re1+ 29. Bf1 Qh5 30. c3 Re4 31. Qg3 Rce8 32. Qh3 Rh4 33. Qg2 Rxh2+ 34. Qxh2 Qxf3+ 35. Bg2 Re1+ 36. Bg1 Qxf6 37. Bxd5 Re5 38. Bd4 Qf1+ 39. Qg1 Rh5# 0-1